000 02284cam a2200169 4500500
005 20260208010354.0
041 _afre
042 _adc
100 1 0 _aClerc, Louis
_eauthor
245 0 0 _aUn modèle finlandais ? Administrer et coordonner les diplomaties publiques et culturelles, 1944-1975
260 _c2017.
500 _a17
520 _aL’image des petits États à l’étranger est une donnée géopolitique, commerciale et identitaire essentielle, qui appelle de leur part un travail de communication mené avec des ressources et dans des buts bien définis. Par souci d’utilisation efficace de leurs ressources ou par suivisme à l’égard de paradigmes transnationaux, ces petits États peuvent être tentés d’adopter certains modèles étrangers. Comment s’opère alors la relation entre modèles extérieurs et réalités internes ? Cet article considère la question à travers l’exemple de la Finlande durant la Guerre froide. Nous verrons que, si les inspirations extérieures sont évidentes, le contexte national finlandais résiste à l’adoption de modèles organisationnels extérieurs.
520 _aA Finnish Model? Managing and Coordinating Public and Cultural Diplomacies, 1944-1980 In terms of their geopolitical, commercial and national identities, their image abroad is a key element in the definition of small States’ international relations. It calls for a certain kind of communication work, using limited resources and defining specific goals. In order to make more efficient use of their own resources or to follow transnational paradigms, small States might be tempted to adopt foreign models of organization for their public and cultural diplomacies. In that case, what kind of relations can we observe between foreign models and local realities? This article will consider the example of Finland during the Cold War in order to approach this issue. We will observe that, despite the influence of foreign inspirations, national and local contexts often resist the wholesale adoption of foreign organizational models.
786 0 _nRelations internationales | 169 | 1 | 2017-06-19 | p. 87-100 | 0335-2013
856 4 1 _uhttps://shs.cairn.info/revue-relations-internationales-2017-1-page-87?lang=fr&redirect-ssocas=7080
999 _c1656257
_d1656257